The Greeks and their gods / (Record no. 31428)
[ view plain ]
| 000 -LEADER | |
|---|---|
| fixed length control field | 00688nam a22002291a 4500 |
| 001 - CONTROL NUMBER | |
| control field | 31428 |
| 003 - CONTROL NUMBER IDENTIFIER | |
| rucl marc code | BD-RjUL |
| 005 - DATE AND TIME OF LATEST TRANSACTION | |
| control field | 20211209051712.0 |
| 008 - FIXED-LENGTH DATA ELEMENTS--GENERAL INFORMATION | |
| fixed length control field | 140415r19511950enk b 001 0 eng d |
| 035 ## - SYSTEM CONTROL NUMBER | |
| System control number | (BD-RjUL)31515 |
| 040 ## - CATALOGING SOURCE | |
| Original cataloging agency | NZOC |
| Language of cataloging | eng |
| Transcribing agency | NZOC |
| Modifying agency | NZOC |
| -- | BD-RjUL |
| 041 ## - LANGUAGE CODE | |
| Language code of text/sound track or separate title | eng |
| 082 00 - DEWEY DECIMAL CLASSIFICATION NUMBER | |
| Classification number | 292 |
| Author mark and year | GUG 1954 |
| 100 1# - MAIN ENTRY--PERSONAL NAME | |
| Personal name | Guthrie, W. K. C. |
| Fuller form of name | (William Keith Chambers), |
| Dates associated with a name | 1906- |
| 9 (RLIN) | 92632 |
| 245 14 - TITLE STATEMENT | |
| Title | The Greeks and their gods / |
| Statement of responsibility, etc. | W. K. C. Guthrie. |
| 260 ## - PUBLICATION, DISTRIBUTION, ETC. (IMPRINT) | |
| Place of publication, distribution, etc. | London : |
| Name of publisher, distributor, etc. | Methuen, |
| Date of publication, distribution, etc. | 1950 [reprinted 1954]. |
| 300 ## - PHYSICAL DESCRIPTION | |
| Pagination | xiv, 388 p. ; |
| Size | 22 cm. |
| 504 ## - BIBLIOGRAPHY, ETC. NOTE | |
| Bibliography, etc | Includes bibliographical references and index. |
| 651 #0 - SUBJECT ADDED ENTRY--GEOGRAPHIC NAME | |
| Geographic name | Greece |
| General subdivision | Religion. |
| 9 (RLIN) | 93576 |
| 942 ## - ADDED ENTRY ELEMENTS (KOHA) | |
| Source of classification or shelving scheme | Dewey Decimal Classification |
| Koha item type | Books |
| Lost status | Source of classification or shelving scheme | Damaged status | Not for loan | Collection code | Permanent Location | Current Location | Shelving location | Date acquired | Source of acquisition | Cost, normal purchase price | Total Checkouts | Full call number | Date last seen | Copy number | Koha item type |
|---|---|---|---|---|---|---|---|---|---|---|---|---|---|---|---|
| Dewey Decimal Classification | Not For Loan | Non-fiction | Central Library, University of Rajshahi | Central Library, University of Rajshahi | Reading Room | 11/04/1975 | Grenich Agency. | 20.50 | 292 GUG 1954 | 15/04/2014 | C-1 | Books |